000 00424cam a2200169ua 4500
020 _cRS.5/-
041 _ahin
_h
082 _a891.43
_bSHA/RA
100 _aShanti Joshi, .
245 _aRadha krishanan kamvisawadarshan /
_cShanti Joshi.
_hTextual Documents
260 _aDelhi :
_bRajkamal Prakashan ,
_c1963.
300 _a238 ; .
365 _aRS.5/-
504 _a
942 _cBK
999 _c12236
_d12236